000 00599nam a2200181 i 4500
001 44815
003 ES-MaACL
005 20230906161111.0
007 t|
008 030324s1945 ag ||||1| spa d
100 1 _aClaretie, Leo.
_939015
245 1 0 _aHistoria de la literatura francesa /
_cLeo Claretie ; [versión castellana por Miguel de Toro Gómez ; revisada por M. J. de Sosa].
260 _aBuenos Aires :
_bAméricalee,
_c[1945]
300 _a2 v. ;
_c24 cm.
700 1 _aToro Gómez, Miguel de.
_9110689
700 1 _aSosa, M. J. de.
_9107436
852 _aES-MaACL
_jB-10723-24
_bR.22350
999 _c44815
_d44815